[Event "Balmaceda Segura Memorial op"]
[Site "Santa Barbara de Heredia"]
[Date "2022.05.21"]
[Round "1"]
[White "Villalta Leiton, Kevin"]
[Black "Gutierrez Soto, Gilberth"]
[Result "0-1"]
[WhiteElo "1499"]
[BlackElo "1774"]
[PlyCount "98"]
[EventDate "2022.05.21"]
[EventType "swiss"]
[EventRounds "6"]
[EventCountry "CRI"]
[SourceTitle "EXT 2024"]
[Source "ChessBase"]
[SourceDate "2023.10.10"]
[SourceVersion "1"]
[SourceVersionDate "2023.10.10"]
[SourceQuality "1"]

1. e4 c5 2. c3 d5 3. d3 dxe4 4. dxe4 Qxd1+ 5. Kxd1 Nf6 6. Nd2 Nc6 7. Ngf3 Bg4 8. Be2 Rd8 9. Kc2 e6 10. h3 Bh5 11. g4 Bg6 12. Nh4 Bxe4+ 13. Nxe4 Nxe4 14. Be3 Be7 15. Nf3 0-0 16. Bd3 Nf6 17. Rhg1 Nd5 18. Bd2 Rd6 19. a3 Rfd8 20. Be3 Nxe3+ 21. fxe3 Rxd3 22. Rad1 Rxd1 23. Rxd1 Rxd1 24. Kxd1 f6 25. e4 Ne5 26. Nxe5 fxe5 27. Kd2 Kf7 28. c4 Kg6 29. Ke3 Bg5+ 30. Kf3 Bc1 31. b3 Bxa3 32. Kg3 a6 33. Kf3 Bc1 34. Kf2 Kg5 35. Kg3 Bf4+ 36. Kg2 Kh4 37. Kf2 Kxh3 38. Kf3 b5 39. cxb5 axb5 40. Kf2 Kxg4 41. Kg2 c4 42. bxc4 bxc4 43. Kf2 h5 44. Kg2 c3 45. Kf2 c2 46. Ke2 c1Q 47. Kf2 Qd2+ 48. Kf1 Kf3 49. Kg1 Qg2# 0-1